[Event "Titled Tuesday intern op 18th Jul Early"]
[Site "Chess.com INT"]
[Date "2023.07.18"]
[Round "1"]
[White "Guzman Lozano, Campo Elias"]
[Black "Portela Peleteiro, Alberto"]
[Result "0-1"]
[WhiteElo "1924"]
[BlackElo "2329"]
[PlyCount "38"]
[EventDate "2023.07.18"]
[EventType "swiss (blitz)"]
[EventRounds "11"]
[EventCountry "USA"]
[SourceTitle "EXT 2024"]
[Source "ChessBase"]
[SourceDate "2023.10.10"]
[SourceVersion "1"]
[SourceVersionDate "2023.10.10"]
[SourceQuality "1"]

1. d4 d6 2. e4 Nf6 3. Nc3 e5 4. Nf3 Nbd7 5. b3 Be7 6. Bb2 0-0 7. g3 Re8 8. d5 c6 9. dxc6 bxc6 10. Be2 Nc5 11. Nd2 Bh3 12. Bf3 Qc7 13. Qe2 Rad8 14. 0-0-0 d5 15. exd5 cxd5 16. Qb5 Bf5 17. Nf1 d4 18. Na4 Nxa4 19. Qxa4 Qxc2# 0-1

[Event "Titled Tuesday intern op 18th Jul Early"]
[Site "Chess.com INT"]
[Date "2023.07.18"]
[Round "2"]
[White "Portela Peleteiro, Alberto"]
[Black "Mahdavi, Reza"]
[Result "0-1"]
[WhiteElo "2329"]
[BlackElo "2302"]
[PlyCount "118"]
[EventDate "2023.07.18"]
[EventType "swiss (blitz)"]
[EventRounds "11"]
[EventCountry "USA"]
[SourceTitle "EXT 2024"]
[Source "ChessBase"]
[SourceDate "2023.10.10"]
[SourceVersion "1"]
[SourceVersionDate "2023.10.10"]
[SourceQuality "1"]

1. e4 c5 2. Ne2 d6 3. g3 Nf6 4. Bg2 Nc6 5. 0-0 g6 6. d4 cxd4 7. Nxd4 Nxd4 8. Qxd4 Bg7 9. Bg5 0-0 10. Qd2 Be6 11. Nc3 Qc8 12. Rfe1 Re8 13. Nd5 Bxd5 14. exd5 Qc7 15. c3 Rac8 16. a4 Ng4 17. Bh3 Ne5 18. Rxe5 Bxe5 19. Bxc8 Rxc8 20. Re1 Qc4 21. Bxe7 Qxa4 22. f4 Bg7 23. Bxd6 h5 24. Be5 Bf8 25. d6 Rd8 26. Qd5 Qa6 27. Rd1 Qb6+ 28. Kh1 Qxb2 29. c4 Qb3 30. c5 Qa4 31. Bc3 b6 32. Bf6 Rd7 33. Ra1 Qc2 34. Bd4 bxc5 35. Bxc5 Qe2 36. Rd1 a5 37. Qd3 Qe6 38. Qd5 Qg4 39. Re1 h4 40. Kg2 h3+ 41. Kf2 Kh7 42. Re8 Bg7 43. Bd4 Qd1 44. Re4 Qd2+ 45. Kf3 Qd3+ 46. Kf2 f5 47. Re5 Qd2+ 48. Kf3 a4 49. Qe6 Rb7 50. Re2 Qxd4 51. g4 Rb3+ 52. Re3 Rxe3+ 53. Qxe3 fxg4+ 54. Kf2 Qxe3+ 55. Kxe3 Bf8 56. d7 Be7 57. Ke4 a3 58. Ke5 a2 59. Ke6 Bd8 0-1

[Event "Titled Tuesday intern op 13th Jun Early"]
[Site "Chess.com INT"]
[Date "2023.06.13"]
[Round "11"]
[White "Portela Peleteiro, Alberto"]
[Black "Khamdamova, Afruza"]
[Result "0-1"]
[WhiteElo "2329"]
[BlackElo "2260"]
[PlyCount "34"]
[EventDate "2023.06.13"]
[EventType "swiss (blitz)"]
[EventRounds "11"]
[EventCountry "USA"]
[SourceTitle "EXT 2024"]
[Source "ChessBase"]
[SourceDate "2023.10.10"]
[SourceVersion "1"]
[SourceVersionDate "2023.10.10"]
[SourceQuality "1"]

1. e4 e5 2. Bc4 Nf6 3. d3 Nc6 4. Nc3 Bc5 5. f4 d6 6. f5 h5 7. Bg5 Bd7 8. a3 Bd4 9. Nge2 Bc5 10. Ng3 h4 11. Nh5 0-0 12. Nxf6+ gxf6 13. Bxh4 d5 14. Bxd5 Nd4 15. Qg4+ Kh7 16. Qh5+ Kg7 17. Qg6+ fxg6 0-1

[Event "Titled Tuesday intern op 13th Jun Early"]
[Site "Chess.com INT"]
[Date "2023.06.13"]
[Round "5"]
[White "Portela Peleteiro, Alberto"]
[Black "Szyszylo, Rafal"]
[Result "1-0"]
[WhiteElo "2329"]
[BlackElo "2074"]
[PlyCount "95"]
[EventDate "2023.06.13"]
[EventType "swiss (blitz)"]
[EventRounds "11"]
[EventCountry "USA"]
[SourceTitle "EXT 2024"]
[Source "ChessBase"]
[SourceDate "2023.10.10"]
[SourceVersion "1"]
[SourceVersionDate "2023.10.10"]
[SourceQuality "1"]

1. e4 d6 2. d4 g6 3. Nc3 Nf6 4. g3 Bg7 5. Bg2 0-0 6. Nge2 e5 7. 0-0 Nc6 8. h3 Bd7 9. Be3 exd4 10. Nxd4 Re8 11. Re1 a6 12. Qd2 Rb8 13. f4 Nh5 14. Nde2 b5 15. g4 Nf6 16. Ng3 Bxg4 17. hxg4 Nxg4 18. Nf1 Qh4 19. Rad1 Na5 20. b3 c5 21. Nd5 b4 22. Bf3 Nxe3 23. Nfxe3 Nc6 24. Qh2 Nd4 25. Bg2 Qd8 26. Rd2 f5 27. Nc4 fxe4 28. Rxe4 Rxe4 29. Bxe4 Qe8 30. Qg2 Kh8 31. Nxd6 Qe6 32. Nc4 Re8 33. Bd3 Qe1+ 34. Bf1 Nf5 35. Ne5 Rxe5 36. fxe5 Bxe5 37. Qf2 Bd4 38. Rxd4 Qxf2+ 39. Kxf2 Nxd4 40. Bd3 Kg7 41. Nc7 a5 42. Na6 c4 43. bxc4 Kf6 44. c5 Ke5 45. Ke3 Nc6 46. Be4 Nd8 47. c6 Kd6 48. c7 1-0

[Event "Titled Tuesday intern op 13th Jun Early"]
[Site "Chess.com INT"]
[Date "2023.06.13"]
[Round "2"]
[White "Yeletsky, Ivan"]
[Black "Portela Peleteiro, Alberto"]
[Result "1-0"]
[WhiteElo "2502"]
[BlackElo "2329"]
[PlyCount "79"]
[EventDate "2023.06.13"]
[EventType "swiss (blitz)"]
[EventRounds "11"]
[EventCountry "USA"]
[SourceTitle "EXT 2024"]
[Source "ChessBase"]
[SourceDate "2023.10.10"]
[SourceVersion "1"]
[SourceVersionDate "2023.10.10"]
[SourceQuality "1"]

1. e4 c5 2. a4 Nc6 3. Bb5 g6 4. h4 h5 5. Ra3 Bg7 6. Rg3 Nf6 7. d3 a6 8. Bc4 Rb8 9. Nc3 Nd4 10. Bf4 d6 11. e5 Ng4 12. exd6 exd6 13. Bg5 Qa5 14. Nge2 b5 15. axb5 axb5 16. Bd5 b4 17. Ne4 Qb6 18. Nxd4 Bxd4 19. 0-0 0-0 20. Be7 Be6 21. Bxe6 fxe6 22. Rxg4 hxg4 23. Bxf8 Rxf8 24. Qxg4 Kh7 25. Qxe6 Qc7 26. c3 bxc3 27. bxc3 Be5 28. h5 Qg7 29. hxg6+ Qxg6 30. Qe7+ Rf7 31. Qxf7+ Qxf7 32. Ng5+ Kg6 33. Nxf7 Kxf7 34. Rc1 Ke6 35. Kf1 Kf5 36. Ke2 Kg4 37. g3 Bf6 38. d4 cxd4 39. cxd4 Kf5 40. Kd3 1-0

[Event "Santiago de Compostela Bicapawn GP Rap"]
[Site "Santiago de Compostela"]
[Date "2022.10.22"]
[Round "4"]
[White "Vazquez Alvarez, Diego"]
[Black "Portela Peleteiro, Alberto"]
[Result "0-1"]
[WhiteElo "1841"]
[BlackElo "2348"]
[PlyCount "78"]
[EventDate "2022.10.22"]
[EventType "swiss (rapid)"]
[EventRounds "9"]
[EventCountry "ESP"]
[SourceTitle "CBM 210 Extra"]
[Source "ChessBase"]
[SourceDate "2022.11.30"]
[SourceVersion "1"]
[SourceVersionDate "2022.11.30"]
[SourceQuality "1"]

1. e4 d6 2. d4 Nf6 3. Nc3 e5 4. dxe5 dxe5 5. Qxd8+ Kxd8 6. Nf3 Bd6 7. Bc4 Ke7 8. Bg5 c6 9. 0-0-0 Nbd7 10. a3 b5 11. Bb3 Nc5 12. Ba2 a5 13. Rhe1 b4 14. Nb1 Bc7 15. Nbd2 bxa3 16. bxa3 Na4 17. Re3 Rd8 18. Nc4 Rxd1+ 19. Kxd1 Be6 20. Bb3 Bxc4 21. Bxa4 Rd8+ 22. Kc1 h6 23. Bxf6+ gxf6 24. Rc3 Bf1 25. Nh4 Kf8 26. Bxc6 Bb6 27. f3 Rc8 28. Kd2 Bd4 29. Rb3 Rxc6 30. Nf5 Bb6 31. Nxh6 Bxg2 32. Nf5 Bh3 33. Ne3 Be6 34. Rd3 Bxe3+ 35. Rxe3 Kg7 36. Rc3 Rxc3 37. Kxc3 Kh6 38. Kd3 Kg5 39. c4 Kf4 0-1

[Event "Santiago de Compostela Bicapawn GP B3"]
[Site "Santiago de Compostela"]
[Date "2022.10.20"]
[Round "9"]
[White "Portela Peleteiro, Alberto"]
[Black "Rodriguez Redondo, Adhara"]
[Result "1-0"]
[WhiteElo "2348"]
[BlackElo "2048"]
[PlyCount "119"]
[EventDate "2022.10.20"]
[EventType "swiss (blitz)"]
[EventRounds "9"]
[EventCountry "ESP"]
[SourceTitle "CBM 210 Extra"]
[Source "ChessBase"]
[SourceDate "2022.11.30"]
[SourceVersion "1"]
[SourceVersionDate "2022.11.30"]
[SourceQuality "1"]

1. e4 e5 2. Bc4 Nc6 3. Nc3 Nf6 4. d3 Bc5 5. f4 exf4 6. Bxf4 d6 7. Qd2 Ng4 8. Nh3 h6 9. Na4 Bd4 10. c3 Bf6 11. d4 Bh4+ 12. g3 g5 13. gxh4 gxf4 14. Qxf4 Qxh4+ 15. Qg3 Qxg3+ 16. hxg3 Na5 17. Be2 Bd7 18. b3 0-0-0 19. Nf2 Nxf2 20. Kxf2 Rde8 21. Bd3 Nc6 22. Rh4 h5 23. Rf4 Nd8 24. Nb2 Ref8 25. Rh1 Ne6 26. Rf6 Ng7 27. Nd1 Kd8 28. Ne3 c6 29. Kg2 Ke7 30. Rf2 a5 31. Nc4 Ra8 32. Nb6 Raf8 33. Nxd7 Kxd7 34. Rf6 Ke7 35. Rhf1 Ne8 36. R6f4 Rhg8 37. Kh3 f6 38. Rf5 Rh8 39. Rxa5 Rfg8 40. Ra7 Ke6 41. Rxb7 d5 42. exd5+ cxd5 43. c4 Nd6 44. Re1+ Ne4 45. cxd5+ Kxd5 46. Bxe4+ Kxd4 47. Rd7+ Kc3 48. a4 Rg4 49. Rd3+ Kb4 50. Bf5 Rg5 51. Re4+ Kc5 52. b4+ Kb6 53. a5+ Kb5 54. Bd7+ Ka6 55. Re6+ Kb7 56. b5 Rhg8 57. Bc6+ Kc7 58. Re7+ Kb8 59. a6 h4 60. a7+ 1-0

[Event "Santiago de Compostela Bicapawn GP B1"]
[Site "Santiago de Compostela"]
[Date "2022.10.19"]
[Round "8"]
[White "Portela Peleteiro, Alberto"]
[Black "Salgado Lopez, Ivan"]
[Result "0-1"]
[WhiteElo "2348"]
[BlackElo "2591"]
[PlyCount "62"]
[EventDate "2022.10.19"]
[EventType "swiss (blitz)"]
[EventRounds "9"]
[EventCountry "ESP"]
[SourceTitle "EXT 2024"]
[Source "ChessBase"]
[SourceDate "2023.10.10"]
[SourceVersion "1"]
[SourceVersionDate "2023.10.10"]
[SourceQuality "1"]

1. e4 c6 2. d4 d5 3. exd5 cxd5 4. Bd3 Nf6 5. c3 Bg4 6. Qb3 Qc8 7. Bf4 Nc6 8. Nd2 e6 9. Ngf3 Be7 10. Ne5 Nxe5 11. Bxe5 0-0 12. 0-0 Bh5 13. Rae1 Nd7 14. Bg3 Bg6 15. Bxg6 hxg6 16. Re3 Qc6 17. Nf3 b5 18. Bh4 Bxh4 19. Nxh4 Qc4 20. Qc2 Qxa2 21. Rh3 Qc4 22. Re1 b4 23. Qd2 Nf6 24. Qg5 bxc3 25. bxc3 Rfb8 26. Nf3 Qxc3 27. Qh4 Kf8 28. Qh8+ Ke7 29. Qxg7 Rf8 30. Rb1 Rab8 31. Rxb8 Qc1+ 0-1

[Event "Maia op 6th"]
[Site "Maia"]
[Date "2022.08.27"]
[Round "2"]
[White "Christiansen, Johan Sebastian"]
[Black "Portela Peleteiro, Alberto"]
[Result "1-0"]
[WhiteElo "2607"]
[BlackElo "2354"]
[PlyCount "97"]
[EventDate "2022.08.26"]
[EventType "swiss"]
[EventRounds "9"]
[EventCountry "POR"]
[SourceTitle "CBM 210 Extra"]
[Source "ChessBase"]
[SourceDate "2022.11.30"]
[SourceVersion "1"]
[SourceVersionDate "2022.11.30"]
[SourceQuality "1"]

1. e4 c5 2. Nf3 e6 3. g3 Nc6 4. d4 cxd4 5. Nxd4 d5 6. Bg2 dxe4 7. Nxc6 Qxd1+ 8. Kxd1 bxc6 9. Bxe4 Bb7 10. Bf3 0-0-0+ 11. Ke1 Ne7 12. Nd2 c5 13. Bxb7+ Kxb7 14. Nc4 Nc6 15. c3 Be7 16. Ke2 Rd5 17. Be3 Rhd8 18. f4 g6 19. a3 Bf6 20. Rhf1 Bg7 21. Rac1 f5 22. Rfd1 Ka6 23. Bf2 Rxd1 24. Rxd1 Rxd1 25. Kxd1 Bf8 26. Kc2 Nd8 27. Ne5 Bd6 28. Nc4 Bf8 29. Kb3 Nf7 30. Ka4 g5 31. b4 gxf4 32. gxf4 cxb4 33. axb4 Kb7 34. Na5+ Ka8 35. Kb5 Bh6 36. Ka6 Bxf4 37. Bxa7 Bc7 38. Nc4 Nd8 39. Nb6+ Bxb6 40. Bxb6 Nc6 41. Bc7 e5 42. Kb6 Nb8 43. Kb5 Kb7 44. Bxe5 Nd7 45. Bd6 Nf6 46. c4 Nh5 47. c5 f4 48. c6+ Kc8 49. Ka5 1-0

[Event "FISU World University"]
[Site "Tornelo INT"]
[Date "2020.10.27"]
[Round "4.12"]
[White "Muha, Miljenko"]
[Black "Portela Peleteiro, Alberto"]
[Result "0-1"]
[WhiteElo "2295"]
[BlackElo "2366"]
[PlyCount "96"]
[EventDate "2020.10.26"]
[EventType "team-swiss (rapid)"]
[EventRounds "9"]
[EventCountry "NET"]
[SourceTitle "CBM 199 Extra"]
[Source "ChessBase"]
[SourceDate "2021.01.31"]
[SourceVersion "1"]
[SourceVersionDate "2021.01.31"]
[SourceQuality "1"]
[WhiteTeam "Croatia"]
[BlackTeam "Spain II"]
[WhiteTeamCountry "CRO"]
[BlackTeamCountry "ESP"]

1. d4 d6 2. e4 Nf6 3. Nc3 e5 4. Nf3 Nbd7 5. g3 Be7 6. Bg2 0-0 7. 0-0 c6 8. h3 Re8 9. a4 b6 10. Be3 Qc7 11. Qd2 Bb7 12. Rad1 a6 13. g4 Rad8 14. Rfe1 b5 15. axb5 cxb5 16. Nh2 Nb6 17. g5 Nh5 18. Qe2 Nf4 19. Bxf4 exf4 20. h4 Nc4 21. Rd3 Nxb2 22. Rf3 Bf8 23. Qd2 b4 24. Nd5 Bxd5 25. exd5 Rxe1+ 26. Qxe1 Qxc2 27. Qxb4 Re8 28. Bf1 Qc1 29. Rc3 Rb8 30. Rxc1 Rxb4 31. Bxa6 Rxd4 32. Bb7 Nc4 33. Nf3 Re4 34. Ba6 Ne5 35. Kg2 g6 36. Rc8 Kg7 37. Nxe5 dxe5 38. Rd8 Rd4 39. Rd7 Bc5 40. Kf3 e4+ 41. Kxf4 e3+ 42. Kf3 exf2 43. d6 Rd1 44. Kg2 Rg1+ 45. Kh2 f1Q 46. Bxf1 Rxf1 47. Rd8 Rd1 48. d7 Be7 0-1

[Event "FISU World University"]
[Site "Tornelo INT"]
[Date "2020.10.26"]
[Round "2.9"]
[White "Portela Peleteiro, Alberto"]
[Black "Mezentsev, Ivan"]
[Result "1-0"]
[WhiteElo "2366"]
[BlackElo "2354"]
[PlyCount "111"]
[EventDate "2020.10.26"]
[EventType "team-swiss (rapid)"]
[EventRounds "9"]
[EventCountry "NET"]
[SourceTitle "CBM 199 Extra"]
[Source "ChessBase"]
[SourceDate "2021.01.31"]
[SourceVersion "1"]
[SourceVersionDate "2021.01.31"]
[SourceQuality "1"]
[WhiteTeam "Spain II"]
[BlackTeam "Kazakhstan II"]
[WhiteTeamCountry "ESP"]
[BlackTeamCountry "KAZ"]

1. e4 c5 2. g3 Nc6 3. Bg2 g6 4. Ne2 Bg7 5. 0-0 d6 6. c3 e5 7. d3 Nge7 8. Be3 0-0 9. f4 Be6 10. h3 f5 11. Nd2 Kh8 12. Nf3 exf4 13. gxf4 Qd7 14. Ng5 Bg8 15. Qe1 Rae8 16. Qh4 c4 17. dxc4 fxe4 18. b3 Nf5 19. Qf2 Re7 20. Rad1 Rfe8 21. Ng3 h6 22. Nxf5 Qxf5 23. Qh4 Qf6 24. Rf2 Qxc3 25. Re2 Qf6 26. Red2 Qc3 27. Re2 Nd4 28. Bxd4 Bxd4+ 29. Kh1 Bg7 30. Nxe4 Qa5 31. Bf3 d5 32. Ng3 Rxe2 33. Bxe2 Qxa2 34. Qg4 Qa6 35. cxd5 Qd6 36. Bc4 a6 37. Kh2 b5 38. Be2 Re3 39. b4 Rb3 40. Bf3 Rb2+ 41. Kh1 Rxb4 42. Ne4 Qd8 43. d6 Bb3 44. Rd2 Kh7 45. Nc5 Bf7 46. d7 Bf6 47. Nb7 Qe7 48. Re2 Rb1+ 49. Kg2 Qf8 50. Rd2 Bd8 51. Be4 Qe7 52. Bxb1 Qe1 53. Rd1 Bd5+ 54. Rxd5 Bb6 55. Qxg6+ Kh8 56. Qh7# 1-0